| 000 | 00927nam a22002417a 4500 | ||
|---|---|---|---|
| 005 | 20210325180857.0 | ||
| 008 | s2545 tha d | ||
| 020 | _a9747085968 | ||
| 041 | _atha | ||
| 050 | _aHF5386 ส192บ 2545 | ||
| 100 | 0 | _aสนธิ ลิ้มทองกุล | |
| 245 | 1 | 0 | _aBig story |
| 260 | 3 |
_aกรุงเทพฯ : _bโครงการหนังสือเล่มนิตยสารผู้จัดการ, _c2545 |
|
| 300 |
_a224 หน้า : _b ภาพประกอบ ; _c 21 ซม. |
||
| 650 | 0 | 4 | _aนักบริหาร |
| 650 | 0 | 4 | _aความสำเร็จทางธุรกิจ |
| 650 | 0 | 4 | _aนักธุรกิจไทย |
| 650 | 0 | 4 | _aบุญชู โรจนเสถียร -- ชีวประวัติ |
| 850 | _aNALT | ||
| 942 | _cGB | ||
| 997 | _c000000000010441 | ||
| 998 | _aSAIPHON DEENGAM | ||
| 999 |
_c10441 _d10441 |
||